Rynek i konsumpcja problemy organizacji i zarzadzania rynkiem

Na minha lista:
Detalhes bibliográficos
Formato: Livro
Idioma:polonês
Publicado em: Wroclaw Akademia Ekonomiczna 1982
Colecção:Prace naukowe Nr. 214
Tags: Adicionar Tag
Sem tags, seja o primeiro a adicionar uma tag!

MARC

LEADER 00000nam a2200000 4500
001 c133913
005 20150303135738.2
041 0 |a pol 
044 |a PL 
245 1 0 |a Rynek i konsumpcja  |b problemy organizacji i zarzadzania rynkiem 
264 1 |a Wroclaw  |b Akademia Ekonomiczna  |c 1982 
300 |a 253 s. 
490 1 |a Prace naukowe  |v Nr. 214 
830 0 |a Prace naukowe  |v Nr. 214